书目信息 |
| 书名: | The science of soud | |
| 作者: | Thomas D.Rossing. | |
| 分册号: | ||
| 分册名: | 出版地: | Reading, Mass : |
|
| 出版社: | Addison-Wesley | |
| 出版时间: | 1990. | |
| 页数: | 686 p. ; | |
| 开本: | 23cm. | |
| 丛书名: | ||
| 中图分类号: | ||
| 科图分类号: | ||
| 其他分类号: | O421 | |
| 主题词: | ||
| 电子资源: | ||
| 000 | 00395nam 2200145 a 4500 | |
| 001 | E0439181097 | |
| 005 | 2004121510530109 | |
| 008 | 041215s1990 00010 eng | |
| 020 | @a0-201-15727-6 :@cRMB 12.00. | |
| 040 | @aPFT@beng | |
| 090 | @aO421 | |
| 099 | @dO421@eR823 | |
| 245 | @aThe science of soud / @cThomas D.Rossing. | |
| 260 | @aReading, Mass :@bAddison-Wesley,@c1990. | |
| 300 | @a686 p. ;@c23cm. | |
| The science of soud / / Thomas D.Rossing.-Reading, Mass : : Addison-Wesley, , 1990. |
| 686 p. ; ; 23cm. |
| ISBN 0-201-15727-6 :RMB 12.00. |
| ● |
| 相关链接 |
|
|
|
正题名:The science of soud
索取号:O421/R823
 
预约/预借
| 序号 | 登录号 | 条形码 | 馆藏地/架位号 | 状态 | 备注 |
| 1 | 04318 | 300043183 | 自科库401/401自科库 88排1列3层/ [索取号:O421/R823] | 在馆 |